[Event "Challenge"]
[Site "http://www.queenalice.com/game.php?id=469118"]
[Date "2008.9.27"]
[Round "-"]
[White "Eunice_123"]
[Black "rubon"]
[Result "1-0"]
[WhiteElo "1595"]
[BlackElo "1360"]

1. e4 e5 2. Nf3 Nc6 3. Bc4 Nf6 4. Ng5 d5 5. exd5 Nd4 6. c3 Nf5 7. d6 Qxd6 8.
Nxf7 Ke7 9. Nxd6 cxd6 10. Qe2 e4 11. f3 Be6 12. Bxe6 Kxe6 13. fxe4 Nh4 14. d4
Kd7 15. Bg5 1-0

[Event "Challenge"]
[Site "http://www.queenalice.com/game.php?id=473334"]
[Date "2008.10.6"]
[Round "-"]
[White "Gaelle"]
[Black "rubon"]
[Result "1-0"]
[WhiteElo "1497"]
[BlackElo "1360"]

1. e4 d5 2. exd5 Qxd5 3. Nc3 Qf5 4. Nb5 c6 5. Nc7+ Kd8 6. Nxa8 Nf6 7. d3 e6 8.
Nh3 Bb4+ 9. c3 Bc5 10. Bf4 Nbd7 11. d4 Be7 12. d5 Ng4 13. d6 Bh4 14. g3 Qe4+ 15.
Qe2 Qxh1 16. Qxg4 Qe4+ 17. Be2 Bf6 18. f3 Qa4 19. Ng5 1-0

[Event "Challenge"]
[Site "http://www.queenalice.com/game.php?id=481875"]
[Date "2008.10.23"]
[Round "-"]
[White "rubon"]
[Black "Boriskov"]
[Result "0-1"]
[WhiteElo "1335"]
[BlackElo "1267"]

1. g4 e5 2. Bg2 Bc5 3. Nf3 Qf6 4. Nc3 Nh6 5. g5 Qf5 6. gxh6 e4 7. d4 Bb6 8. Ne5
Nc6 9. hxg7 Nxd4 10. gxh8=Q+ Ke7 11. Nd5+ Kd6 12. Nf4 Qxf4 13. Bxf4 Ba5+ 14. c3
e3 0-1

[Event "Challenge"]
[Site "http://www.queenalice.com/game.php?id=488009"]
[Date "2008.11.4"]
[Round "-"]
[White "rubon"]
[Black "dorszu"]
[Result "0-1"]
[WhiteElo "1341"]
[BlackElo "1583"]

1. b4 e5 2. Nc3 Bxb4 3. Nf3 Nc6 4. g3 Bxc3 5. dxc3 d5 6. e3 Nf6 7. Bb5 Bg4 8. h3
Bxf3 9. Qxf3 O-O 10. O-O Qd6 11. Bb2 Rad8 12. Rad1 a6 13. Bc4 Qc5 14. Bd3 e4 15.
Bxe4 dxe4 16. Qf4 Rxd1 17. Rxd1 Ne7 18. c4 Qh5 19. Rd4 Nc6 20. Rd2 Qxh3 21. Bxf6
gxf6 22. Qxc7 Ne5 23. f4 Nf3+ 24. Kf2 Qh2+ 25. Kf1 Qg1+ 26. Ke2 Qe1# 0-1

[Event "Challenge"]
[Site "http://www.queenalice.com/game.php?id=488010"]
[Date "2008.11.4"]
[Round "-"]
[White "valina"]
[Black "rubon"]
[Result "0-1"]
[WhiteElo "1156"]
[BlackElo "1323"]

1. Nc3 e5 2. b4 Nc6 3. Ba3 Nf6 4. Nf3 d6 5. g4 Bxg4 6. Ng5 g6 7. Bg2 Bg7 8. b5
Nd4 9. h3 Bf5 10. Bxb7 Nxc2+ 11. Kf1 Nxa1 12. Qxa1 Rb8 13. Bc6+ Nd7 14. h4 O-O
15. Na4 e4 16. Qe1 Ne5 17. f4 Nc4 18. Bb4 a5 19. Bc3 d5 20. e3 h6 21. a3 hxg5
22. hxg5 Qc8 23. Bxd5 Bh3+ 24. Ke2 Qg4+ 25. Kf2 Qf3+ 26. Kg1 Qg2# 0-1

[Event "Challenge"]
[Site "http://www.queenalice.com/game.php?id=491576"]
[Date "2008.11.11"]
[Round "-"]
[White "rubon"]
[Black "njwton"]
[Result "0-1"]
[WhiteElo "1316"]
[BlackElo "1524"]

1. d4 d5 2. Nc3 Nf6 3. Bg5 e6 4. e3 Be7 5. Bb5+ Bd7 6. Nf3 O-O 7. Ne5 c6 8. Bd3
h6 9. Bh4 b6 10. Ne2 Nh5 11. Bxe7 Qxe7 12. Nf4 Nxf4 13. exf4 Qf6 14. g3 c5 15.
c3 c4 16. Bb1 Qe7 17. Qc2 g6 18. Nxg6 fxg6 19. Qxg6+ Qg7 20. Bc2 Rf6 21. Qh5 Nc6
22. Ba4 Rf5 0-1

[Event "Challenge"]
[Site "http://www.queenalice.com/game.php?id=519009"]
[Date "2009.1.8"]
[Round "-"]
[White "rubon"]
[Black "Morau"]
[Result "0-1"]
[WhiteElo "1332"]
[BlackElo "1739"]

1. e4 e5 2. Qh5 Nc6 3. Bb5 Nf6 4. Bc4 Nxh5 5. d3 Bc5 6. Nf3 O-O 7. Bg5 Be7 8.
Nc3 Bxg5 9. Nxg5 Qxg5 10. Nd5 Qxg2 11. Nxc7 Qxh1+ 12. Kd2 Qxa1 13. Nxa8 Qxb2 14.
Nc7 Nd4 15. Ke3 Nxc2+ 16. Kf3 Ne1+ 17. Kg4 g6 18. Nd5 Qxf2 19. Kg5 f6+ 20. Nxf6+
Kg7 21. Ng4 Nf3# 0-1

[Event "Challenge"]
[Site "http://www.queenalice.com/game.php?id=534004"]
[Date "2009.2.3"]
[Round "-"]
[White "rubon"]
[Black "nunesjomar"]
[Result "1-0"]
[WhiteElo "1332"]
[BlackElo "1553"]

1. e4 e5 2. Nf3 d6 3. Bc4 Bg4 4. d3 Bxf3 5. Qxf3 Nf6 6. Bg5 Be7 7. Nc3 h6 8.
Bxf6 Bxf6 9. Nd5 Nd7 10. Qh5 c6 11. Ne3 O-O 12. O-O 1-0

[Event "Challenge"]
[Site "http://www.queenalice.com/game.php?id=541509"]
[Date "2009.2.16"]
[Round "-"]
[White "Nikita"]
[Black "rubon"]
[Result "0-1"]
[WhiteElo "1591"]
[BlackElo "1370"]

1. e3 e5 2. Nf3 e4 3. Ne5 Nh6 4. Bc4 d5 5. Bb3 Nc6 6. f4 Qh4+ 7. Kf1 f6 8. Nxc6
bxc6 9. g3 Qh3+ 10. Kf2 Ng4+ 11. Kg1 Bc5 12. Nc3 Ba6 13. Ba4 O-O 14. Bxc6 d4 15.
Bxa8 Rxa8 16. Ne2 dxe3 17. Qf1 exd2+ 0-1

[Event "Challenge"]
[Site "http://www.queenalice.com/game.php?id=541510"]
[Date "2009.2.16"]
[Round "-"]
[White "chessyca"]
[Black "rubon"]
[Result "1-0"]
[WhiteElo "1567"]
[BlackElo "1395"]

1. d4 Nc6 2. e3 Nf6 3. f4 Ne4 4. Nf3 d5 5. Bb5 Bg4 6. Bxc6+ bxc6 7. c3 e6 8. O-O
Qf6 9. Qa4 e5 10. Nbd2 exf4 11. Ne5 Bd7 12. Ndf3 fxe3 13. Nxd7 Kxd7 14. Ne5+ Ke8
15. Rxf6 gxf6 16. Qxc6+ 1-0

[Event "Challenge"]
[Site "http://www.queenalice.com/game.php?id=553615"]
[Date "2009.3.10"]
[Round "-"]
[White "rubon"]
[Black "pessoa"]
[Result "0-1"]
[WhiteElo "1386"]
[BlackElo "1801"]

1. e4 Nc6 2. d4 d5 3. Bb5 Bd7 4. exd5 Nxd4 5. Bxd7+ Qxd7 6. Qxd4 b6 7. Nc3 c5 8.
Qe4 e6 9. d6 Rd8 10. Nd5 Qxd6 11. Bf4 Qxd5 12. Qd3 Qxg2 13. Qf3 Qg6 14. Qc6+ Rd7
15. Bc7 Qxc2 16. Kf1 Qd3+ 17. Ne2 Be7 18. Qa8+ Bd8 19. Bxd8 Rxd8 20. Qc6+ Rd7
21. Re1 Ne7 22. Qa8+ Rd8 23. Qxa7 Qd5 24. Qxb6 Qxh1+ 25. Ng1 Qd5 26. Qb5+ Nc6
27. Qa4 O-O 28. Rd1 Qxd1+ 29. Qxd1 Rxd1+ 30. Kg2 Rd2 31. Nf3 Rxb2 32. a3 Ra2 33.
Ng5 Rxa3 0-1

[Event "Challenge"]
[Site "http://www.queenalice.com/game.php?id=558343"]
[Date "2009.3.19"]
[Round "-"]
[White "JAmaro"]
[Black "rubon"]
[Result "1-0"]
[WhiteElo "1575"]
[BlackElo "1384"]

1. e4 e5 2. Bc4 Nf6 3. d3 Bc5 4. Qd2 Ng4 5. Nh3 Qh4 6. Rf1 Nc6 7. c3 d6 8. Qe2
Nxh2 9. Rh1 Ng4 10. g3 Qf6 11. Bg5 Qg6 12. Nd2 Be6 13. a3 f6 14. Bxe6 fxg5 15.
Qxg4 h5 16. Qf5 Ne7 17. Qxg6+ 1-0

[Event "Challenge"]
[Site "http://www.queenalice.com/game.php?id=649408"]
[Date "2009.9.8"]
[Round "-"]
[White "rubon"]
[Black "SalsaKing"]
[Result "0-1"]
[WhiteElo "1384"]
[BlackElo "1910"]

1. e4 e5 2. Nf3 d6 3. d3 h6 4. Be2 Nf6 5. Nc3 Nc6 6. b3 a6 7. Ba3 Be6 8. d4 exd4
9. Nxd4 Be7 10. Bh5 Nxd4 11. Qxd4 Nxh5 12. O-O-O Bf6 13. Qe3 Bg5 14. f4 Bxf4 15.
Rhe1 Bxe3+ 16. Rxe3 Qg5 0-1

[Event "Challenge"]
[Site "http://www.queenalice.com/game.php?id=651440"]
[Date "2009.9.13"]
[Round "-"]
[White "rubon"]
[Black "Danado"]
[Result "0-1"]
[WhiteElo "1384"]
[BlackElo "1702"]

1. d4 d5 2. e3 Nc6 3. Nf3 Bg4 4. Be2 Bxf3 5. Bxf3 e5 6. Nc3 Bb4 7. Bxd5 Bxc3+ 8.
bxc3 Qxd5 9. Qh5 Nf6 10. Qh4 exd4 11. cxd4 Nb4 12. O-O Nxc2 13. Rb1 b6 14. Qg3
O-O 15. Qxc7 Rac8 16. Qxa7 b5 17. Rb2 Ra8 18. Qc7 Rfc8 19. Qg3 Rxa2 20. Qh3 Qc4
21. Rd1 Rxb2 22. Bxb2 Nb4 0-1

[Event "Challenge"]
[Site "http://www.queenalice.com/game.php?id=676080"]
[Date "2009.11.1"]
[Round "-"]
[White "rubon"]
[Black "nuage"]
[Result "0-1"]
[WhiteElo "1379"]
[BlackElo "1538"]

1. e4 e5 2. Nf3 Nc6 3. Bc4 Nf6 4. Ng5 Qe7 5. Bxf7+ Kd8 6. b3 h6 7. Ba3 d6 8. Be6
Bxe6 9. Nxe6+ Qxe6 10. d3 Nd4 11. c3 Nc6 12. Nd2 d5 13. Bxf8 Rxf8 14. b4 d4 15.
b5 Na5 16. Qa4 b6 17. cxd4 Nd7 18. d5 Qf6 19. f3 Nc5 20. Qb4 Nxd3+ 0-1

[Event "Challenge"]
[Site "http://www.queenalice.com/game.php?id=687905"]
[Date "2009.11.24"]
[Round "-"]
[White "rubon"]
[Black "FENIX_RJ"]
[Result "0-1"]
[WhiteElo "1369"]
[BlackElo "1506"]

1. e4 e5 2. Nf3 Nc6 3. Bc4 Qf6 4. d3 Nd4 5. Ng5 Nh6 6. Nc3 Bb4 7. a3 Ba5 8. Qh5
Nxc2+ 9. Kf1 O-O 10. Rb1 Bb6 11. Nd5 Qxf2# 0-1